| 000 | 00796nam a22002417a 4500 | ||
|---|---|---|---|
| 005 | 20240530110352.0 | ||
| 008 | 141228s2008 ua o f 000 0 ara d | ||
| 017 |
_a3589/2008 _bمصر . دار الكتب المصرية |
||
| 020 | _a9771754076 | ||
| 040 | _aEG-CaGPL | ||
| 041 | 0 | _aara | |
| 082 | 0 | 4 |
_221 _a923.1 _bق/ر ن |
| 100 | 0 | _aراوية راشد | |
| 245 | 1 | 0 |
_aنازلى : _bملكة فى المنفى / _cراوية راشد |
| 250 | _aط 2 | ||
| 260 |
_aالقاهرة : _bالمؤلف ؛ _c2008 |
||
| 300 |
_a201 ص : _bصور ؛ _c24 سم |
||
| 600 | 0 |
_aنازلى _xالملكة |
|
| 650 | 0 | 4 | _aالملكة نازلى |
| 651 | 0 | 4 |
_aمصر _xتاريخ _yالعصر الحديث _zالملك فاروق |
| 942 |
_2ddc _cBK |
||
| 999 |
_c60096 _d60096 |
||